ბათუმის შოთა რუსთაველის სახელმწიფო უნივერსიტეტის ბიბლიოთეკა

საქართველოს მედიცინის ისტორია : (ბიბ.ჩანაწერი № 62003)

000 -ლიდერი
ფიქსირებული სიგრძის საკონტროლო ველი 01019nam a22001937a 4500
003 - საკონტროლო ნომრის იდენტიფიკატორი
საკონტროლო ველი Ge_BSU
005 - ბოლო ოპერაციის თარიღი და დრო
საკონტროლო ველი 20240620125239.0
008 - ფიქსირებული სიგრძის მონაცემთა ელემენტები - ზოგადი ინფორმაცია
ფიქსირებული სიგრძის საკონტროლო ველი 240620s1963 ge ||||| |||| 00| 0 geo d
041 ## - ენის კოდი
Language code of text/sound track or separate title geo
080 ## - უნივერსალური ათობითი კლასიფიკაციის ინდექსი
Universal Decimal Classification number 61(479.22)(09) ს-12
100 ## - მთავარი ჩანაწერი - პიროვნების სახელი
Personal name სააკაშვილი, მ.გ.
9 (RLIN) 22518
245 ## - ცნობა სათაურის შესახებ
Title საქართველოს მედიცინის ისტორია :
Remainder of title ტ. 4. წ. 2, ბუნებისმეტყველი თერგდალეულთა თაობიდან /
Statement of responsibility, etc მ.გ. სააკაშვილი, ა.პ. გელაშვილი.
264 ## - წარმოების, გამოცემის, დისტრიბუციის და სხვა ცნობები
გამოცემის, წარმოების, დისტრიბუციის... ადგილი თბილისი :
გამოცემის, წარმოების, დისტრიბუციის... სახელწოდება საბჭოთა საქართველო,
გამოცემის, წარმოების, დისტრიბუციის... თარიღი 1963.
300 ## - ფიზიკური აღწერა
Extent 150 გვ.;
Other physical details 23 სმ.
653 ## - INDEX TERM--UNCONTROLLED
Uncontrolled term საქართველოს მედიცინა
700 ## - ADDED ENTRY--PERSONAL NAME
Personal name ზურაბიშვილი, ა.
Relator term რედაქტორი
9 (RLIN) 22519
700 ## - ADDED ENTRY--PERSONAL NAME
Personal name გორგილაძე, ლ.
Relator term რედაქტორი
9 (RLIN) 1509
942 ## - ADDED ENTRY ELEMENTS (KOHA)
Source of classification or shelving scheme
Koha item type წიგნი
ეგზემპლარები
ჩამოწერის სტატუსი დაკარგული ეგზემპლარის სტატუსი კლასიფიკაციის წყარო ან თაროზე გაწყობის სქემა დაზიანების სტატუსი არ გაიცემა მუდმივი მდებარეობა (დაცვის ადგილი) ამჟამინდელი ადგილსამყოფელი თაროზე განთავსების ადგილი შეძენის თარიღი ღირებულება, შესყიდვის ნორმალური ფასი სრული შენახვის შიფრი შტრიხკოდი ბოლო ოპერაციის თარიღი ეგზემპლარის მიმდევრობითი ნომერი (კეტერი?) ფასის ძალაში შესვლის თარიღი ეგზემპლარის სახეობა საჯარო შენიშვნა
          ბათუმის შოთა რუსთაველის სახელმწიფო უნივერსიტეტის მთავარი ბიბლიოთეკა ბათუმის შოთა რუსთაველის სახელმწიფო უნივერსიტეტის მთავარი ბიბლიოთეკა წიგნსაცავი 2024-06-20 2.10 61(479.22)(09) ს-12 68216 2024-06-20 68216 2024-06-20 წიგნი 2 ლ. 10 თ.